00835nam a22001937a 4500010001300000020002300013035001300036040001200049082002500061245017900086246002200265260009400287270004000381300001600421650005400437650003400491700004700525700006900572 aA-989314 a8187182148c750.00 aA-989314 aDPLbHN a425bकोशिक aहिन्दी समास कोस /cसम्पादक ओम प्रकाश कोशिक, बासुदेव शर्मा शास्त्री  aHindi samas kos / aनई दिल्ली, bसूर्य भारती प्रकाशन c1999 a2516, Nayi SarakbNew Delhie110006 a808p.b24cm aHindi language -- Compound words -- Dictionaries. aHindi language - Dictionaries aकोशिक, ओम प्रकाश aशास्त्री, बासुदेव शर्मा